[Event "IRI-ch U12"]
[Site "Chess.com INT"]
[Date "2021.01.16"]
[Round "11"]
[White "Abasisoureshjani, Armin"]
[Black "Movagharhasani, Farhan"]
[Result "1/2-1/2"]
[WhiteElo "1163"]
[BlackElo "1703"]
[PlyCount "109"]
[EventDate "2021.01.16"]
[EventType "swiss"]
[EventRounds "11"]
[EventCountry "IRI"]
[SourceTitle "EXT 2022"]
[Source "ChessBase"]
[SourceDate "2021.10.06"]
[SourceVersion "1"]
[SourceVersionDate "2021.10.06"]
[SourceQuality "1"]

1. c4 e6 2. Nc3 Nf6 3. d4 d5 4. cxd5 exd5 5. g3 Bd6 6. Bg2 0-0 7. Bd2 c6 8. Nf3 h6 9. 0-0 Bf5 10. a3 a5 11. Na4 Nbd7 12. b4 Ne4 13. Nc5 Bxc5 14. bxc5 b6 15. cxb6 Nxb6 16. Ne5 Qd6 17. Rc1 Rfc8 18. Bxe4 Bxe4 19. f3 Bh7 20. Qb3 Rab8 21. Bxa5 Nc4 22. Nxc4 dxc4 23. Qxc4 Qxa3 24. Bd2 Qb2 25. Bc3 Qb6 26. Ba1 Qd8 27. Qc3 Qf6 28. Rfd1 Bg6 29. d5 Qxc3 30. Bxc3 cxd5 31. Rxd5 Rb3 32. Bd2 Rxc1+ 33. Bxc1 Rb1 34. Rd1 Bc2 35. Re1 h5 36. Kf2 g6 37. h4 Bf5 38. Bf4 Rb2 39. Be5 Ra2 40. Bf6 Ra8 41. Rd1 Be6 42. Rd8+ Rxd8 43. Bxd8 Kf8 44. e4 Ke8 45. Bg5 Kd7 46. f4 Bg4 47. Ke3 Ke6 48. Kd4 Bf3 49. Bd8 Bg4 50. Ba5 Bd1 51. Bb4 Bg4 52. Ke3 Bd1 53. Kd4 Bg4 54. Ke3 Bd1 55. Kd4 1/2-1/2

[Event "IRI-ch U12"]
[Site "Chess.com INT"]
[Date "2021.01.16"]
[Round "7"]
[White "Alaedin, Karen"]
[Black "Movagharhasani, Farhan"]
[Result "1-0"]
[WhiteElo "1189"]
[BlackElo "1703"]
[PlyCount "151"]
[EventDate "2021.01.16"]
[EventType "swiss"]
[EventRounds "11"]
[EventCountry "IRI"]
[SourceTitle "EXT 2022"]
[Source "ChessBase"]
[SourceDate "2021.10.06"]
[SourceVersion "1"]
[SourceVersionDate "2021.10.06"]
[SourceQuality "1"]

1. d4 d5 2. Nf3 Nf6 3. Bf4 e6 4. e3 Bd6 5. c3 0-0 6. Nbd2 c5 7. Bxd6 Qxd6 8. Be2 b6 9. 0-0 Ba6 10. Bxa6 Nxa6 11. Qe2 Nc7 12. Ne5 Rac8 13. f4 Nd7 14. Rac1 f6 15. Nef3 e5 16. fxe5 fxe5 17. Rf2 Rce8 18. Qf1 e4 19. Ne1 Rxf2 20. Qxf2 Rf8 21. Qe2 Ne6 22. Nc2 g6 23. Rf1 Kg7 24. Rxf8 Qxf8 25. Qf1 Nf6 26. h3 Qd6 27. Qa6 Qc7 28. Nb3 Nd7 29. Qf1 c4 30. Nd2 Nf6 31. Qf2 b5 32. Nb4 Qd6 33. Nb1 a5 34. Nc2 h5 35. a3 Nh7 36. g3 Nhg5 37. Kg2 Nf3 38. Ne1 Nfg5 39. h4 Nf7 40. Kh2 Nh6 41. Kg2 Ng4 42. Qe2 Nd8 43. Nd2 Nf7 44. Nf1 Nfh6 45. Nc2 Nf5 46. Qe1 Kh6 47. Qe2 Qf6 48. Kg1 Kg7 49. Kg2 Qd6 50. Qe1 Kf6 51. Qe2 Ke6 52. Qe1 Kf6 53. Qe2 g5 54. hxg5+ Kxg5 55. Ne1 h4 56. gxh4+ Nxh4+ 57. Kg1 Qf6 58. Qd2 Kh5 59. Qe2 Nf3+ 60. Nxf3 exf3 61. Qd2 f2+ 62. Kg2 Kh4 63. Qc1 Qf5 64. Ng3 Qd3 65. Qh1+ Kg5 66. Qh5+ Kf6 67. Qxg4 Qxe3 68. Qf3+ Qxf3+ 69. Kxf3 f1Q+ 70. Nxf1 Kf5 71. Ne3+ Ke6 72. Ng4 Kf5 73. Ne5 a4 74. Nc6 Ke6 75. Na7 Kd6 76. Nxb5+ 1-0

[Event "IRI-ch U12"]
[Site "Chess.com INT"]
[Date "2021.01.16"]
[Round "5"]
[White "Azizkhani, Mani"]
[Black "Movagharhasani, Farhan"]
[Result "0-1"]
[WhiteElo "1239"]
[BlackElo "1703"]
[PlyCount "94"]
[EventDate "2021.01.16"]
[EventType "swiss"]
[EventRounds "11"]
[EventCountry "IRI"]
[SourceTitle "EXT 2022"]
[Source "ChessBase"]
[SourceDate "2021.10.06"]
[SourceVersion "1"]
[SourceVersionDate "2021.10.06"]
[SourceQuality "1"]

1. e4 e6 2. d4 d5 3. Nd2 c5 4. exd5 Qxd5 5. Ngf3 cxd4 6. Nb3 Bb4+ 7. Bd2 Bxd2+ 8. Qxd2 Nc6 9. Nbxd4 Nxd4 10. Nxd4 a6 11. c4 Qe4+ 12. Qe3 Qxe3+ 13. fxe3 b6 14. 0-0-0 Bb7 15. Rg1 Nf6 16. Bd3 0-0-0 17. Nf3 Ng4 18. e4 Nf2 19. Kc2 Nxd3 20. Rxd3 Bxe4 21. Rgd1 Rxd3 22. Rxd3 Rd8 23. Ne1 Bxd3+ 24. Nxd3 f6 25. b4 Rd4 26. Kc3 e5 27. a4 Kb7 28. c5 b5 29. a5 Rc4+ 30. Kb3 Rd4 31. Kc3 Kc6 32. h3 Kd5 33. g4 g6 34. Kc2 Rc4+ 35. Kb3 f5 36. gxf5 gxf5 37. c6 Rxc6 38. Nc5 Rxc5 39. bxc5 Kxc5 40. h4 h5 41. Kc3 e4 42. Kd2 f4 43. Ke2 b4 44. Kd2 f3 45. Ke3 b3 46. Kf2 b2 47. Ke3 b1Q 0-1